<?xml version="1.0" encoding="UTF-8"?>
<record
    xmlns:xsi="http://www.w3.org/2001/XMLSchema-instance"
    xsi:schemaLocation="http://www.loc.gov/MARC21/slim http://www.loc.gov/standards/marcxml/schema/MARC21slim.xsd"
    xmlns="http://www.loc.gov/MARC21/slim">

  <leader>00899    a2200181   4500</leader>
  <controlfield tag="001">142483</controlfield>
  <datafield tag="040" ind1=" " ind2=" ">
    <subfield code="c">Leonardo Da Vinci</subfield>
  </datafield>
  <datafield tag="041" ind1=" " ind2=" ">
    <subfield code="a">Portugu&#xEA;s</subfield>
  </datafield>
  <datafield tag="082" ind1=" " ind2=" ">
    <subfield code="a">v221</subfield>
  </datafield>
  <datafield tag="100" ind1=" " ind2=" ">
    <subfield code="a">EDUCACIONAL SHOP VIDEO</subfield>
  </datafield>
  <datafield tag="245" ind1=" " ind2=" ">
    <subfield code="a">S&#xED;ntese de prote&#xED;nas</subfield>
  </datafield>
  <datafield tag="250" ind1=" " ind2=" ">
    <subfield code="a">v.1-2</subfield>
  </datafield>
  <datafield tag="260" ind1=" " ind2=" ">
    <subfield code="b">ESV</subfield>
    <subfield code="a">S&#xE3;o Paulo</subfield>
  </datafield>
  <datafield tag="490" ind1=" " ind2=" ">
    <subfield code="a">TV Ontario</subfield>
  </datafield>
  <datafield tag="520" ind1=" " ind2=" ">
    <subfield code="a">O v&#xED;deo mostra a import&#xE2;ncia das prote&#xED;nas como blocos b&#xE1;sicos de
constru&#xE7;&#xE3;o da vida, e o papel fundamental que a s&#xED;ntese de prote&#xED;nas
exerce em todos os seres vivos. Explora um aspecto do processo; da
manufatura do DNA ou ADN &#xE0;s fun&#xE7;&#xF5;es do RNA ou ARN mensageiro e de
transfer&#xEA;ncia</subfield>
  </datafield>
  <datafield tag="697" ind1=" " ind2=" ">
    <subfield code="a">Biologia</subfield>
    <subfield code="a">Prote&#xED;na: O recheio da vida</subfield>
    <subfield code="a">DNA ou ADN: a mol&#xE9;cula da hereditariedade</subfield>
    <subfield code="a">Reprodu&#xE7;&#xE3;o do DNA ou ADN: a f&#xF3;rmula da repeti&#xE7;&#xE3;o</subfield>
    <subfield code="a">S&#xED;ntese do RNA ou ARN: o mensageiro gen&#xE9;tico</subfield>
    <subfield code="a">RNA ou ARN riboss&#xF4;mico: a f&#xE1;brica de prote&#xED;nas</subfield>
  </datafield>
  <datafield tag="942" ind1=" " ind2=" ">
    <subfield code="c">VM</subfield>
  </datafield>
  <datafield tag="952" ind1=" " ind2=" ">
    <subfield code="0">0</subfield>
    <subfield code="1">0</subfield>
    <subfield code="4">0</subfield>
    <subfield code="7">0</subfield>
    <subfield code="a">72.1</subfield>
    <subfield code="b">72.1</subfield>
    <subfield code="d">2024-03-27</subfield>
    <subfield code="l">0</subfield>
    <subfield code="o">v221</subfield>
    <subfield code="p">A0230LVA</subfield>
    <subfield code="r">2024-03-27 22:46:59</subfield>
    <subfield code="w">2024-03-27</subfield>
    <subfield code="y">VM</subfield>
  </datafield>
  <datafield tag="999" ind1=" " ind2=" ">
    <subfield code="c">142483</subfield>
    <subfield code="d">142483</subfield>
  </datafield>
</record>
